logo

Bir Sreshtho Munshi Abdur Rouf Library
Jhenaidah Cadet College

আন্তর্জাতিক ফ্যাসিবাদবিরোধী আন্দোলন / (Record no. 9003)

MARC details
000 -LEADER
fixed length control field 00711nam a22002177a 4500
001 - CONTROL NUMBER
JCCL Control Number 9003
003 - CONTROL NUMBER IDENTIFIER
JCCL marc code BD-JhCC
005 - DATE AND TIME OF LATEST TRANSACTION
control field 20180306195434.0
008 - FIXED-LENGTH DATA ELEMENTS--GENERAL INFORMATION
fixed length control field 180306s1994 bg ||||| |||| 00| 0 ben d
035 ## - SYSTEM CONTROL NUMBER
system control number (BD-JhCC) 9003
040 ## - CATALOGING SOURCE
Original cataloging agency BD-JhCC
Modifying agency BD-JhCC
041 ## - LANGUAGE CODE
Language code of Book eng
082 ## - DEWEY DECIMAL CLASSIFICATION NUMBER
Classification number 320.533
Author mark and Year GUS 1994
100 ## - MAIN ENTRY--PERSONAL NAME
Personal name ঘোষ, বিশ্বজিৎ
245 ## - TITLE STATEMENT
Title আন্তর্জাতিক ফ্যাসিবাদবিরোধী আন্দোলন /
Remainder of title বিশ্বজিৎ ঘোষ
260 ## - PUBLICATION, DISTRIBUTION, ETC. (IMPRINT)
Place of publication, distribution, etc ঢাকা :
Name of publisher, distributor, etc আগামী প্রকাশনী ,
Date of publication, distribution, etc GOH 1994
300 ## - PHYSICAL DESCRIPTION
Pagination 86. p:
Dimensions 22 cm
650 ## - SUBJECT ADDED ENTRY--TOPICAL TERM
Topical term or geographic name as entry element Anti -Fsscist Movements
Geographic subdivision Slovakia
942 ## - ADDED ENTRY ELEMENTS (KOHA)
Source of classification or shelving scheme Dewey Decimal Classification
Koha item type Books
Holdings
Source of classification or shelving scheme Damaged status Not for loan Home library Current library Shelving location Date of accession Cost, normal purchase price Total Checkouts Full call number Barcode Date last seen Copy number Koha item type
Dewey Decimal Classification     JCC Rouf Library JCC Rouf Library General Stacks 03/06/2018 55.00   320.533 GUS 1994 11993 03/06/2018 C-1 Books

JCC Library | Contacts | JCC Home

Last Update on 23 September 2017
Copyright @ 2017-2020 JCC Rouf Library
Rouf Library, Jhenidah Cadet College (JCC), Bangladesh